00265nam a2200097Ia 4500008004000000082001600040100002100056245004800077260003400125300000800159210210b2004 xxu||||| |||| 00| 0 eng d a398.2K PUVP aPUVAPPA KANIYUR. aPokare mattu ithara janapadiya lekhanagalu. aMaisurubRaj Prakashanac2004 a146